000
00303nam a2200121 a 4500
005
20140414132101.0
008
100719s19uu xx 00 eng d
050
_a
ER
_b
G539 2001
100
_a
Waddell, Martin
245
_a
Give it to Joe!.
260
_a
London :
_b
Walker books,
_c
2001.
999
_c
114462
_d
114462